000 00856nmc a2200241 a 4500
003 AR-BaBNM
005 20251128203213.0
008 291020s1971 ||||||||||||||000 | spa||
040 _cAR-BaBNM
100 1 _aSmith, Richard E.
245 1 0 _aTécnicas para elaborar material gráfico en la escuela
260 _aMéxico, D.F.
_bCentro Regional de Ayuda Técnica. Agencia para el Desarrollo Internacional
_c1971
300 0 _a42 p.
_bil., gráf.
490 0 _aMateriales audiovisuales : guías para el maestro
500 0 _aContiene apéndice con fuentes y proveedores de equipos y materiales y referencias bibliográficas
650 4 _aTECNOLOGIA EDUCATIVA
650 4 _aMATERIALES DE ENSENANZA
650 4 _aPREPARACION DE MATERIAL DIDACTICO
650 4 _aGRAFICOS
700 1 _aWinkler, Max Karl
_eilustrador
942 _cBK
998 _cRAQUEL
999 _c2370
_d2370